Airlines that fly into New Zealand - Statistics

General Stats
  • This quiz has been taken 1,180 times
    1,173 since last reset
  • The average score is 8 of 18
Answer Stats
Hint Answer % Correct
Qantas
94%
Air New Zealand
91%
Emirates
74%
Singapore Airlines
66%
Jetstar
59%
Virgin Australia
50%
Cathay Pacific
46%
China Southern
45%
Fiji Airways
42%
Hawaiian Airlines
37%
Korean Air
36%
LAN
36%
Thai Airways
35%
China Airlines
32%
Malaysia Airlines
31%
Air Tahiti Nui
18%
Air Vanuatu
15%
Air Calin
12%
No matching quizzes found
Score Distribution
Percent of People with Each Score
Percentile by Number Answered
Your Score History
You have not taken this quiz since the last reset